Los hongos comunes que atacan cultivos en América Latina
| Main Authors: | , |
|---|---|
| Format: | Section = Libro |
| Language: | Undetermined Spanish |
| Published: |
Cuba
The Twentieth Century Fund
1990
|
| Edition: | 2a.ed |
| Subjects: |
| LEADER | 00528nam a2200205Ia 4500 | ||
|---|---|---|---|
| 008 | 240830s9999 xx 000 0 und d | ||
| 020 | |a 968-24-3936-1 | ||
| 040 | |a B-ESTELÍ- RUACS / 632.4 F594 | ||
| 041 | |a spa | ||
| 082 | |a 632.4 F594 | ||
| 100 | 1 | |a Finch, H. C | |
| 100 | 1 | |b Finch, A. N | |
| 245 | 1 | 0 | |a Los hongos comunes que atacan cultivos en América Latina |
| 250 | |a 2a.ed | ||
| 260 | |a Cuba |b The Twentieth Century Fund |c 1990 | ||
| 300 | |a 157 p | ||
| 650 | 7 | |a AGRONOMIA | |
| 942 | |c BK |2 ddc | ||
| 991 | |a TEXTO | ||
| 999 | |c 11332 | ||